[Event "Olimpiade 2014 - Open"]
[Site "Tromsø"]
[Date "11.08.2014"]
[Round "9.70"]
[Board "2"]
[White "Suni, Syairazi"]
[Black "Maduro, Sherman"]
[Result "0-1"]
[BlackTitle "CM"]
[WhiteElo "1860"]
[BlackElo "1993"]
[WhiteTeam "Brunei"]
[BlackTeam "Netherlands Antilles"]
[WhiteFideId "10500189"]
[BlackFideId "7500122"]
[EventDate "2014.08.02"]

1. e4 c5 2. Nf3 a6 3. d4 cxd4 4. Nxd4 e5 5. Nf3 Nc6 6. Be2 Bc5 7. O-O Nf6 8. Nc3
h6 9. h3 b5 10. a3 O-O 11. b4 Bd4 12. Nxd4 exd4 13. Nd5 Nxe4 14. Bf3 Ng5 15. Bb2
Bb7 16. Re1 Rb8 17. Qd3 Nxf3+ 18. Qxf3 Qg5 19. h4 Qxh4 20. Re4 Qg5 21. Rg4 Ne5
22. Nf6+ Kh8 23. Rxg5 Nxf3+ 24. gxf3 hxg5 25. Nxd7 Bxf3 26. Nxf8 Rxf8 27. Bxd4
Re8 28. Kf1 Re4 29. Bc3 Rc4 30. Be5 Rh4 0-1

[Event "Olimpiade 2014 - Open"]
[Site "Tromsø"]
[Date "11.08.2014"]
[Round "9.70"]
[Board "3"]
[White "Da Silva, John"]
[Black "Izzuddin, Zain"]
[Result "0-1"]
[WhiteElo "1996"]
[BlackElo "1933"]
[WhiteTeam "Netherlands Antilles"]
[BlackTeam "Brunei"]
[WhiteFideId "15900061"]
[BlackFideId "10500677"]
[EventDate "2014.08.02"]

1. d4 Nf6 2. c4 c5 3. d5 b5 4. b3 g6 5. Qc2 Bg7 6. Bb2 bxc4 7. bxc4 O-O 8. e4 d6
9. Nf3 Nbd7 10. Bd3 Rb8 11. Nbd2 Rxb2 12. Qxb2 Nxd5 13. Qxg7+ Kxg7 14. cxd5 Qa5
15. O-O Qc3 16. Bb5 Ne5 17. Rfc1 Nxf3+ 18. Nxf3 Qb4 19. Rab1 Qxe4 20. Bc6 Bg4
21. Ne1 Bf5 22. Rb3 Qe2 23. Nf3 Qxa2 24. Rb7 Kf6 25. Re1 e6 26. h3 exd5 27. Ree7
h5 28. h4 d4 29. Ng5 d3 30. Nh7+ Kg7 31. Nxf8 d2 0-1

[Event "Olimpiade 2014 - Open"]
[Site "Tromsø"]
[Date "11.08.2014"]
[Round "9.70"]
[Board "4"]
[White "Kamis, Kamarunsalehin"]
[Black "Izijk, Jimmy"]
[Result "1-0"]
[WhiteElo "1977"]
[BlackElo "2026"]
[WhiteTeam "Brunei"]
[BlackTeam "Netherlands Antilles"]
[WhiteFideId "10500170"]
[BlackFideId "7500041"]
[EventDate "2014.08.02"]

1. d4 d5 2. Nf3 Nf6 3. c4 e6 4. Nc3 c5 5. e3 Nc6 6. cxd5 exd5 7. Be2 Bd6 8. O-O
O-O 9. Nb5 Be7 10. dxc5 Bxc5 11. Nbd4 Bd7 12. b3 Qe7 13. a3 Rac8 14. b4 Bd6 15.
Bb2 Ne5 16. Qb3 Nc4 17. Rfc1 Nxb2 18. Qxb2 Bb8 19. Rxc8 Rxc8 20. Rc1 Ne4 21.
Rxc8+ Bxc8 22. Qc2 Qc7 23. Qxc7 Bxc7 24. Bd3 a5 25. bxa5 Bxa5 26. Kf1 Nd2+ 27.
Nxd2 Bxd2 28. Ke2 Ba5 29. Bf5 Bxf5 30. Nxf5 Kf8 31. Kd3 Bc7 32. Kd4 Bxh2 33.
Kxd5 g6 34. Nd6 Bxd6 35. Kxd6 h5 36. e4 g5 37. f3 Kg7 38. a4 h4 39. Kc7 f5 40.
exf5 Kf6 41. Kxb7 Kxf5 42. a5 Kf4 43. a6 Kg3 44. a7 Kxg2 45. a8=Q h3 46. Qa2+
Kg3 47. Qe2 h2 48. Qf1 1-0

[Event "Olimpiade 2014 - Open"]
[Site "Tromsø"]
[Date "11.08.2014"]
[Round "9.71"]
[Board "1"]
[White "Meier, Peter"]
[Black "Phillips, Roy"]
[Result "1/2-1/2"]
[BlackTitle "FM"]
[WhiteElo "2039"]
[BlackElo "2272"]
[WhiteTeam "Seychelles"]
[BlackTeam "Mauritius"]
[WhiteFideId "9800158"]
[BlackFideId "404136"]
[EventDate "2014.08.02"]

1. d4 d6 2. c4 e5 3. d5 f5 4. Nc3 Nf6 5. g3 Be7 6. Bg2 O-O 7. Nf3 a5 8. O-O Na6
9. Ne1 Qe8 10. Nd3 Qg6 11. f4 e4 12. Nf2 h5 13. Bd2 Bd7 14. Nb5 Nxd5 15. cxd5
Bxb5 16. Bxa5 Qf7 17. Qd2 Bf6 18. Nd1 Nc5 19. Ne3 g6 20. Bb4 Qg7 21. Rfb1 Na4
22. Nd1 Bc4 23. Bc3 Nxc3 24. Nxc3 Bxc3 25. bxc3 Ra7 26. Rb4 b5 27. a3 Rfa8 28.
Qb2 Qf7 29. e3 Qxd5 30. Bf1 Bxf1 31. Kxf1 c6 32. Rd4 Qc5 33. Qb3+ d5 34. a4 Ra5
35. Ke2 Qa7 36. h3 bxa4 37. Qa3 Qb6 38. Qe7 Qb2+ 39. Rd2 Qxa1 40. Qe6+ Kh7 41.
Qe7+ Kh8 42. Qf6+ 1/2-1/2

[Event "Olimpiade 2014 - Open"]
[Site "Tromsø"]
[Date "11.08.2014"]
[Round "9.71"]
[Board "2"]
[White "Chinasamy, Devarajen"]
[Black "Meier, Kurt"]
[Result "0-1"]
[WhiteTitle "CM"]
[BlackTitle "CM"]
[WhiteElo "2085"]
[BlackElo "1944"]
[WhiteTeam "Mauritius"]
[BlackTeam "Seychelles"]
[WhiteFideId "9700072"]
[BlackFideId "1307398"]
[EventDate "2014.08.02"]

1. e4 c5 2. Nf3 d6 3. d4 cxd4 4. Nxd4 Nf6 5. Nc3 Nc6 6. Bb5 Bd7 7. O-O e6 8. Re1
a6 9. Nxc6 Bxc6 10. Bxc6+ bxc6 11. b3 e5 12. Bb2 Be7 13. Qd3 O-O 14. Nd1 Qb6 15.
Ne3 g6 16. c4 a5 17. Bc3 c5 18. a4 Qb7 19. f3 Nh5 20. g3 Rfd8 21. Rab1 Ng7 22.
Qd2 Ne6 23. Nd5 Nd4 24. Bxd4 cxd4 25. Rf1 Bf8 26. Qd3 Bg7 27. f4 f6 28. Rf3 Rf8
29. Rbf1 Qa7 30. Kg2 Qb7 31. R1f2 Rab8 32. Qd2 Ra8 33. Qd3 Rab8 34. Qf1 Ra8 35.
Qd3 Rab8 36. h3 Ra8 37. Qd2 Qa7 38. h4 Qb7 39. Qd3 Rab8 40. g4 Ra8 41. f5 Rab8
42. fxg6 hxg6 43. Qd2 Ra8 44. Nxf6+ Bxf6 45. Rxf6 Qxe4+ 46. Kg3 Kg7 47. Rxd6
Rxf2 48. Qxf2 Rf8 49. Qd2 Rf3+ 50. Kh2 Qxg4 51. Qe1 0-1

[Event "Olimpiade 2014 - Open"]
[Site "Tromsø"]
[Date "11.08.2014"]
[Round "9.71"]
[Board "3"]
[White "Pillay, Ragul"]
[Black "Li Ying, Patrick"]
[Result "0-1"]
[BlackTitle "CM"]
[WhiteElo "1312"]
[BlackElo "2125"]
[WhiteTeam "Seychelles"]
[BlackTeam "Mauritius"]
[WhiteFideId "9800174"]
[BlackFideId "9700056"]
[EventDate "2014.08.02"]

1. d4 d5 2. Nc3 Bf5 3. Bf4 c6 4. Nf3 Nf6 5. e3 e6 6. Bd3 Bg4 7. Be2 Qb6 8. Rb1
Bb4 9. O-O Qa5 10. Ng5 Bxe2 11. Qxe2 h6 12. Nf3 O-O 13. Qd3 Nbd7 14. a3 Be7 15.
Nd2 c5 16. e4 cxd4 17. Qxd4 dxe4 18. Ndxe4 Qf5 19. Bd6 Bxd6 20. Nxd6 Qxc2 21.
Qb4 b6 22. Rfc1 Qd3 23. Rd1 Qg6 24. Qa4 Nc5 25. Qc6 Rad8 26. b4 Nd3 27. Qc7 Rd7
28. Qc6 Ne5 29. Qa4 Rfd8 30. Ncb5 Nd5 31. Rbc1 Nf4 32. g3 Ne2+ 33. Kf1 Nxc1 34.
Rxc1 Qd3+ 35. Kg1 a6 36. Qxa6 Rxd6 37. Rc8 Qd1+ 38. Kg2 Qf3+ 39. Kh3 Ng6 40.
Nxd6 Nf4+ 0-1

[Event "Olimpiade 2014 - Open"]
[Site "Tromsø"]
[Date "11.08.2014"]
[Round "9.71"]
[Board "4"]
[White "Koster, Jeroen Louis"]
[Black "Hoareau, Benjamin"]
[Result "1-0"]
[WhiteElo "1846"]
[BlackElo "1875"]
[WhiteTeam "Mauritius"]
[BlackTeam "Seychelles"]
[WhiteFideId "9700161"]
[BlackFideId "9800069"]
[EventDate "2014.08.02"]

1. e4 e5 2. Nf3 d5 3. d4 dxe4 4. Nxe5 Be6 5. Bc4 Bxc4 6. Nxc4 Qd5 7. Qe2 Qxd4 8.
Nc3 Bb4 9. Bd2 Nf6 10. O-O-O a5 11. Be3 Qxc3 12. bxc3 Be7 13. Bd4 O-O 14. Bxf6
Bxf6 15. Qxe4 Nc6 16. Rhe1 Bxc3 17. Re3 Bf6 18. c3 a4 19. Kc2 a3 20. f4 Ra4 21.
Rb1 Nd8 22. g4 g6 23. Rb3 Ra6 24. Rxa3 Re6 25. Qd5 Rc6 26. f5 Bg5 27. Re4 Bf6
28. Ra8 Kg7 29. a4 b6 30. Rxd8 1-0

[Event "Olimpiade 2014 - Open"]
[Site "Tromsø"]
[Date "11.08.2014"]
[Round "9.73"]
[Board "2"]
[White "Zerafa, Robert"]
[Black "Kooshani, Mahbuboollah"]
[Result "1-0"]
[WhiteTitle "CM"]
[BlackTitle "FM"]
[WhiteElo "2084"]
[BlackElo "2036"]
[WhiteTeam "Malta"]
[BlackTeam "Afghanistan"]
[WhiteFideId "5600618"]
[BlackFideId "11700084"]
[EventDate "2014.08.02"]

1. e4 e5 2. Nf3 Nc6 3. Bb5 a6 4. Ba4 Nf6 5. d3 Bc5 6. c3 b5 7. Bb3 d6 8. h3 Na5
9. Bc2 Bb6 10. b4 Nc6 11. a4 Bd7 12. O-O Ne7 13. d4 Ng6 14. Nbd2 O-O 15. Bb2 Qe7
16. Re1 c5 17. bxc5 dxc5 18. d5 Qd6 19. c4 b4 20. a5 Bc7 21. Nb3 Qe7 22. Nc1 Bd6
23. Nd3 Rae8 24. Nd2 Qd8 25. f4 Qc7 26. Nf3 Re7 27. fxe5 Nxe5 28. Ndxe5 Rxe5 29.
Nxe5 Bxe5 30. d6 Bxd6 31. e5 Be7 32. exf6 Bxf6 33. Bxf6 1-0

[Event "Olimpiade 2014 - Open"]
[Site "Tromsø"]
[Date "11.08.2014"]
[Round "9.73"]
[Board "3"]
[White "Ahmadi, Zabiullah"]
[Black "Zerafa, Patrick"]
[Result "0-1"]
[BlackTitle "CM"]
[WhiteElo "2031"]
[BlackElo "2079"]
[WhiteTeam "Afghanistan"]
[BlackTeam "Malta"]
[WhiteFideId "11700033"]
[BlackFideId "5600375"]
[EventDate "2014.08.02"]

1. e4 e5 2. Nf3 Nc6 3. d4 exd4 4. Nxd4 Bc5 5. Be3 Qf6 6. c3 Nge7 7. Be2 O-O 8.
O-O Bb6 9. Na3 Nxd4 10. cxd4 d5 11. e5 Qg6 12. Bh5 Qe6 13. Rc1 Nf5 14. Nb5 Qd7
15. Qd3 c6 16. Nc3 Qe7 17. Rfd1 Qh4 18. Bf3 f6 19. g3 Qh3 20. Bg2 Qh5 21. f4 Nh6
22. Rd2 Bf5 23. Qe2 Bg4 24. Qe1 Bf3 25. Bxf3 Qxf3 26. Qe2 Qxe2 27. Nxe2 fxe5 28.
fxe5 Ng4 29. Bf4 g5 30. Bxg5 Nxe5 31. Kg2 Nf3 32. Be3 Nxd2 33. Bxd2 Rae8 34. Nf4
Bxd4 35. Rc2 Be3 36. a3 Bxf4 37. Bxf4 Re1 38. Kf2 Rfe8 39. h4 h5 40. Kf3 Rf1+
41. Kg2 Ree1 42. Be3 a6 43. Bf2 Rc1 44. Re2 Rfd1 45. Re5 Rc2 46. Rxh5 d4 47.
Rg5+ Kh7 48. g4 d3 49. Kg3 d2 50. Bd4 Rg1+ 51. Kh3 Rxg4 0-1

[Event "Olimpiade 2014 - Open"]
[Site "Tromsø"]
[Date "11.08.2014"]
[Round "9.73"]
[Board "4"]
[White "Vella, Duncan"]
[Black "Sarwary, Hamidullah"]
[Result "1-0"]
[WhiteTitle "CM"]
[WhiteElo "1979"]
[BlackElo "1920"]
[WhiteTeam "Malta"]
[BlackTeam "Afghanistan"]
[WhiteFideId "5600243"]
[BlackFideId "11700580"]
[EventDate "2014.08.02"]

1. e4 e5 2. Nf3 Nc6 3. Bb5 d6 4. d4 exd4 5. Qxd4 Bd7 6. Bxc6 Bxc6 7. Nc3 Qf6 8.
Qd3 Qg6 9. Bf4 Nf6 10. O-O-O O-O-O 11. Ne5 Qh5 12. Nxc6 bxc6 13. Qa6+ Kd7 14. e5
Qf5 15. Bg3 Ne8 16. exd6 Nxd6 17. Rhe1 Be7 18. Ne4 Qb5 19. Qa3 Kc8 20. Qxa7 Qb7
21. Nxd6+ Bxd6 22. Qxb7+ Kxb7 23. Bxd6 cxd6 24. Re7+ Kb6 25. Rxf7 g6 26. Re1
Rdf8 27. Ree7 Rxf7 28. Rxf7 Kc5 29. Kd2 h5 30. Rg7 Rf8 31. Rxg6 Rxf2+ 32. Kc3 h4
33. Rh6 Rf4 34. b3 Rg4 35. a3 Kb6 36. Rxd6 Rxg2 37. Rd2 Rg4 38. Rd4 Rxd4 39.
Kxd4 h3 40. a4 Kc7 41. Kc5 Kb7 42. a5 Ka6 43. Kxc6 Kxa5 44. c4 Kb4 45. Kd5 Kxb3
46. c5 Kc3 47. c6 Kd3 48. c7 1-0

[Event "Olimpiade 2014 - Open"]
[Site "Tromsø"]
[Date "11.08.2014"]
[Round "9.74"]
[Board "1"]
[White "Manuel, Enofre Efren D."]
[Black "Prasad, Calvin"]
[Result "1-0"]
[BlackTitle "CM"]
[WhiteElo "1950"]
[BlackElo "2011"]
[WhiteTeam "Guam"]
[BlackTeam "Fiji"]
[WhiteFideId "31000053"]
[BlackFideId "11400072"]
[EventDate "2014.08.02"]

1. c4 Nf6 2. Nc3 d5 3. d4 c6 4. Qb3 dxc4 5. Qxc4 Be6 6. Qd3 Na6 7. a3 g6 8. e4
Bg7 9. Nf3 O-O 10. Be2 Rc8 11. O-O c5 12. d5 c4 13. Qc2 Bg4 14. h3 Bxf3 15. Bxf3
Nc5 16. Be3 Nfd7 17. Be2 Ne5 18. Bxc5 Rxc5 19. Rad1 g5 20. Qd2 h6 21. Qe3 Ra5
22. g3 Qd6 23. f4 gxf4 24. gxf4 Nd3 25. e5 Qg6+ 26. Kh1 Nxb2 27. Rd2 Nd3 28. Rg1
Qb6 29. Qg3 Qg6 30. Qf3 Qb6 31. Bxd3 cxd3 32. Rdg2 f5 33. Rxg7+ Kh8 34. Qg2
Qxg1+ 35. Qxg1 1-0

[Event "Olimpiade 2014 - Open"]
[Site "Tromsø"]
[Date "11.08.2014"]
[Round "9.74"]
[Board "2"]
[White "Kumar, Manoj"]
[Black "Soriano, Rudolph P."]
[Result "1-0"]
[WhiteTitle "CM"]
[WhiteElo "1987"]
[BlackElo "1802"]
[WhiteTeam "Fiji"]
[BlackTeam "Guam"]
[WhiteFideId "11400064"]
[BlackFideId "31000142"]
[EventDate "2014.08.02"]

1. d4 d5 2. c4 c6 3. Nf3 Nf6 4. g3 g6 5. Bg2 Bg7 6. O-O O-O 7. Nc3 Re8 8. Qb3
Na6 9. cxd5 cxd5 10. Bf4 e6 11. Rac1 Nh5 12. Bg5 f6 13. Bd2 Bf8 14. e4 Nc7 15.
Rfe1 dxe4 16. Nxe4 Nd5 17. Nc3 Nb4 18. Nb5 Na6 19. Be3 Kh8 20. Red1 Qd5 21. Qxd5
exd5 22. a3 Bd7 23. Nc3 Bc6 24. Ne1 Rad8 25. Nd3 g5 26. b4 Nc7 27. a4 a6 28. Nc5
Ng7 29. Bh3 h5 30. Rb1 g4 31. Bf1 Bxc5 32. dxc5 Nge6 33. b5 d4 34. bxc6 bxc6 35.
Bd2 dxc3 36. Bxc3 Kg7 37. Ba5 Rxd1 38. Rxd1 Nd5 39. Bb6 Ng5 40. Kg2 Nf3 41. a5
Ne1+ 42. Kh1 Nc3 43. Ra1 Nf3 44. Bxa6 Ne4 45. Kg2 Ned2 46. Bb7 Re2 47. Bxc6 Ng5
48. Bb5 Re5 49. Rd1 Ndf3 50. Ba6 Nh3 51. c6 Ne1+ 52. Rxe1 Rxe1 53. Bf1 Rc1 54.
c7 Ng5 55. a6 Nf3 56. Ba5 Ne1+ 57. Bxe1 Rxc7 58. Bd2 Rc2 59. a7 Ra2 60. Be3 Ra5
61. Bd3 f5 62. Bxf5 1-0

[Event "Olimpiade 2014 - Open"]
[Site "Tromsø"]
[Date "11.08.2014"]
[Round "9.74"]
[Board "3"]
[White "Orio, Rogelio L."]
[Black "Goundar, Sanmogam"]
[Result "0-1"]
[BlackTitle "CM"]
[WhiteElo "1755"]
[BlackElo "1952"]
[WhiteTeam "Guam"]
[BlackTeam "Fiji"]
[WhiteFideId "31000118"]
[BlackFideId "11400110"]
[EventDate "2014.08.02"]

1. Nf3 Nf6 2. d4 c5 3. d5 b5 4. Bf4 Qb6 5. e3 Bb7 6. c4 a6 7. Nbd2 e6 8. e4 d6
9. dxe6 fxe6 10. Bd3 e5 11. Be3 Nc6 12. O-O Be7 13. b3 O-O 14. Ng5 Bc8 15. h3 h6
16. Ngf3 Nh5 17. cxb5 axb5 18. a4 bxa4 19. Bc4+ Kh8 20. Bd5 Nf6 21. Bc4 a3 22.
Nh4 Kh7 23. Nf5 Bxf5 24. exf5 d5 25. Be2 d4 26. Nc4 Qd8 27. Bc1 a2 28. f3 Nb4
29. Nxe5 d3 30. Bb2 dxe2 31. Qxe2 Re8 32. f4 Qb6 33. Kh2 Nc6 34. Qe3 Nd4 35. Qg3
Nd5 36. Bxd4 cxd4 37. Rf2 Nc3 38. Qd3 Bf6 39. Qg3 Re7 40. Rb2 Kg8 41. Ng4 Kh8
42. Ne5 Kg8 43. b4 Qd6 44. Ng4 Kf8 45. b5 Ne2 46. Qb3 d3 47. Rbxa2 Rxa2 48. Qxa2
Qxf4+ 49. Kh1 Ng3+ 50. Kh2 Nxf5+ 51. Kh1 Bxa1 52. Qxa1 d2 53. Qa8+ Re8 54. Qa3+
Nd6 55. g3 d1=Q+ 0-1

[Event "Olimpiade 2014 - Open"]
[Site "Tromsø"]
[Date "11.08.2014"]
[Round "9.75"]
[Board "1"]
[White "Kabera, Godfrey"]
[Black "Gateri, Martin"]
[Result "0-1"]
[WhiteTitle "CM"]
[BlackTitle "FM"]
[WhiteElo "1909"]
[BlackElo "2064"]
[WhiteTeam "Rwanda"]
[BlackTeam "Kenya"]
[WhiteFideId "16000080"]
[BlackFideId "10800174"]
[EventDate "2014.08.02"]

1. d4 d5 2. Nf3 e6 3. e3 Nf6 4. Bd3 Nbd7 5. Nc3 c5 6. O-O a6 7. a4 b6 8. b3 Bb7
9. Bb2 Rc8 10. Nd2 cxd4 11. exd4 Bb4 12. Ne2 O-O 13. f4 Ng4 14. Rf3 f5 15. Nf1
Ndf6 16. Neg3 Ne4 17. Qe2 a5 18. h3 Ngf6 19. Rd1 Rc7 20. Re3 Bd6 21. Qf3 g5 22.
fxg5 Nxg5 23. Qe2 f4 24. Re5 Bxe5 25. dxe5 Ne8 26. Nh5 f3 27. Qe3 Rg7 28. Nxg7
Nxg7 29. Bc1 h6 30. Ba3 Nf5 31. Qf2 fxg2 32. Qxg2 Nh4 33. Qg3 Rf7 34. Nh2 Rg7
35. Kf1 Ne4 36. Qe3 Nf5 37. Qf4 Nfg3+ 38. Ke1 Qc8 39. Bb2 Qc5 40. Bxe4 Nxe4 41.
Ng4 Qxc2 42. Bd4 Ba6 43. Qe3 h5 44. Rc1 Qa2 45. Ra1 Qg2 46. Nf2 0-1

[Event "Olimpiade 2014 - Open"]
[Site "Tromsø"]
[Date "11.08.2014"]
[Round "9.75"]
[Board "3"]
[White "Murara, Maxence"]
[Black "Ouma, Stephen"]
[Result "0-1"]
[WhiteElo "1729"]
[BlackElo "2038"]
[WhiteTeam "Rwanda"]
[BlackTeam "Kenya"]
[WhiteFideId "16000013"]
[BlackFideId "10800824"]
[EventDate "2014.08.02"]

1. d4 d5 2. c4 e5 3. dxe5 d4 4. Nf3 Nc6 5. Bf4 Be6 6. Nbd2 Nge7 7. a3 a5 8. Qc2
Ng6 9. Bg3 Be7 10. e3 dxe3 11. fxe3 Bc5 12. Qe4 O-O 13. Rd1 Qc8 14. Nb3 Bf5 15.
Qd5 Bxe3 16. Nh4 Bc2 17. Nxg6 hxg6 18. Bd3 Bxb3 19. Bxg6 Qg4 20. Bxf7+ Rxf7 21.
e6 Re7 22. Ra1 Bxc4 23. Qf3 Qxf3 24. gxf3 Nd4 25. Kd1 0-1

[Event "Olimpiade 2014 - Open"]
[Site "Tromsø"]
[Date "11.08.2014"]
[Round "9.76"]
[Board "3"]
[White "Jones, Rupert"]
[Black "Lima, Osvaldo Dos Santos"]
[Result "0-1"]
[WhiteTitle "FM"]
[WhiteElo "1899"]
[BlackElo "1751"]
[WhiteTeam "Papua New Guinea"]
[BlackTeam "Sao Tome & Principe"]
[WhiteFideId "9100121"]
[BlackFideId "14306352"]
[EventDate "2014.08.02"]

1. e4 g6 2. Nc3 Bg7 3. g3 d6 4. Bg2 Nf6 5. Nge2 c5 6. O-O Nc6 7. d3 O-O 8. f4
Bg4 9. h3 Bd7 10. g4 a6 11. Ng3 b5 12. g5 Ne8 13. f5 Rb8 14. Rb1 f6 15. h4 b4
16. Nd5 e6 17. fxg6 exd5 18. gxh7+ Kh8 19. g6 f5 20. Bg5 Bd4+ 21. Kh1 Bf6 22.
Qh5 Ng7 23. Qh6 Ne5 24. Bxf6 Qxf6 25. exf5 Ng4 26. Qg5 Qxg5 27. hxg5 Bxf5 28.
Nxf5 Nxf5 29. Rf3 Ne5 30. Rf2 Nxg6 31. Bxd5 Kxh7 32. Bc4 a5 33. Re1 Ne5 34. Be6
Kg6 35. Kg2 Nd4 36. Bd5 Rxf2+ 37. Kxf2 Rf8+ 38. Kg3 Kxg5 0-1

[Event "Olimpiade 2014 - Open"]
[Site "Tromsø"]
[Date "11.08.2014"]
[Round "9.77"]
[Board "1"]
[White "Van Rensselaer, William"]
[Black "Hamperl, Fred"]
[Result "0-1"]
[WhiteTitle "FM"]
[BlackTitle "FM"]
[WhiteElo "1908"]
[BlackElo "2119"]
[WhiteTeam "US Virgin Isles"]
[BlackTeam "Guernsey"]
[WhiteFideId "6800165"]
[BlackFideId "10700110"]
[EventDate "2014.08.02"]

1. d4 Nf6 2. Nf3 c5 3. e3 g6 4. Be2 Bg7 5. O-O b6 6. b3 Bb7 7. Bb2 O-O 8. Nbd2
d6 9. c4 e6 10. Qc2 Nbd7 11. Rfd1 Qe7 12. Nf1 Ne4 13. Bd3 f5 14. N3d2 Nxd2 15.
Rxd2 Nf6 16. dxc5 dxc5 17. f3 Rad8 18. Rad1 Rd7 19. Ng3 Rfd8 20. Be2 Bc6 21.
Rxd7 Rxd7 22. Rxd7 Nxd7 23. Kf2 Ne5 24. Qd2 Qd7 25. Qxd7 Bxd7 26. Bxe5 Bxe5 27.
f4 Bb2 28. Bf3 b5 29. Ke2 Kf7 30. Kd3 e5 31. Bd5+ Kf6 32. Ne2 exf4 33. exf4 Ke7
34. Nc3 bxc4+ 35. Kxc4 Kd6 36. Bg8 h6 37. h4 Bc1 38. g3 Be3 39. Bf7 Be6+ 40.
Bxe6 Kxe6 41. Ne2 Bf2 42. a3 Kd6 43. b4 cxb4 44. axb4 a6 45. h5 Ke6 46. hxg6 Kf6
47. Kd5 Kxg6 48. g4 fxg4 49. Ke6 Be1 50. f5+ Kg5 51. f6 Bxb4 52. f7 a5 53. Ng3
a4 54. Ne4+ Kg6 55. Nc3 a3 56. Na2 Bf8 0-1

[Event "Olimpiade 2014 - Open"]
[Site "Tromsø"]
[Date "11.08.2014"]
[Round "9.77"]
[Board "2"]
[White "Rowe, Peter"]
[Black "Massana, Jorge"]
[Result "1/2-1/2"]
[WhiteTitle "CM"]
[BlackTitle "CM"]
[WhiteElo "1976"]
[BlackElo "2180"]
[WhiteTeam "Guernsey"]
[BlackTeam "US Virgin Isles"]
[WhiteFideId "10700099"]
[BlackFideId "3100073"]
[EventDate "2014.08.02"]

1. d4 Nf6 2. Bf4 d6 3. Nf3 g6 4. h3 Bg7 5. e3 O-O 6. Be2 Nbd7 7. O-O b6 8. c3
Bb7 9. a4 a5 10. Bh2 Qe8 11. Na3 e5 12. Nb5 Rc8 13. Na7 Ra8 14. Nb5 Rc8 15. Na7
Ra8 16. Nb5 Rc8 17. Na7 1/2-1/2

[Event "Olimpiade 2014 - Open"]
[Site "Tromsø"]
[Date "11.08.2014"]
[Round "9.77"]
[Board "3"]
[White "Creswell, Reece"]
[Black "Brookfield, Toby"]
[Result "0-1"]
[BlackTitle "CM"]
[WhiteElo "1645"]
[BlackElo "1889"]
[WhiteTeam "US Virgin Isles"]
[BlackTeam "Guernsey"]
[WhiteFideId "6800262"]
[BlackFideId "10700234"]
[EventDate "2014.08.02"]

1. d4 f5 2. Nf3 Nf6 3. e3 e6 4. Bd3 b6 5. Nbd2 Bb7 6. O-O Be7 7. Qe2 Ne4 8. c3
O-O 9. Re1 d6 10. Nf1 a5 11. a4 Nd7 12. Bc4 Rf6 13. N3d2 Kh8 14. f3 Nxd2 15.
Bxd2 e5 16. Ng3 Qf8 17. e4 f4 18. Nf1 Rh6 19. Reb1 Rg6 20. Be1 Qf6 21. Rd1 Rh6
22. Rd2 Qg6 23. b3 Rf8 24. b4 axb4 25. cxb4 exd4 26. a5 bxa5 27. Rxa5 Ne5 28.
Ra7 Bc6 29. Rda2 Bd8 30. b5 Bd7 31. b6 cxb6 32. Kh1 b5 33. Bxb5 Be6 34. Rd2 Bb6
35. Rb7 Bc5 36. Bd3 Qf6 37. Qd1 g5 38. Rdb2 g4 39. Rb8 Bc8 40. Qe2 g3 41. Bxg3
fxg3 42. Nxg3 Qf4 43. Qd2 Qxg3 44. Qxh6 Qe1+ 0-1

[Event "Olimpiade 2014 - Open"]
[Site "Tromsø"]
[Date "11.08.2014"]
[Round "9.78"]
[Board "1"]
[White "Ho Hou-Meng, Herman"]
[Black "Hernandez, Roberto PLW"]
[Result "1-0"]
[WhiteElo "1910"]
[BlackElo "1845"]
[WhiteTeam "Macau"]
[BlackTeam "Palau"]
[WhiteFideId "16300190"]
[BlackFideId "16600010"]
[EventDate "2014.08.02"]

1. d4 f5 2. Bg5 h6 3. Bf4 Nf6 4. Nf3 Nd5 5. e3 d6 6. c4 Nf6 7. Bd3 c5 8. Nc3 g6
9. Qc2 Bg7 10. O-O-O Nc6 11. dxc5 e5 12. Bxe5 Nb4 13. Qa4+ Bd7 14. Qxb4 dxe5 15.
Nxe5 Qc7 16. Nxg6 Rg8 17. Rhe1 Kf7 18. Nh4 Bf8 19. Qb3 Rg5 20. f4 Rh5 21. g3
Bxc5 22. e4 b6 23. exf5 Rxh4 24. gxh4 Qxf4+ 25. Kb1 Qxh2 26. Ne4 Bxf5 27. Nxc5
Bg4 28. Rc1 Qxh4 29. Ne4 Kg7 30. Qc3 Rf8 31. Rf1 Be2 32. Rxf6 Bxd3+ 33. Qxd3
Rxf6 34. Nxf6 Qxf6 35. Rg1+ Kh8 36. Rg6 Qh4 37. Qc3+ 1-0

[Event "Olimpiade 2014 - Open"]
[Site "Tromsø"]
[Date "11.08.2014"]
[Round "9.78"]
[Board "2"]
[White "Montel Jr, Cyril Tomas"]
[Black "Punongbayan, Hexilon Dela Cruz"]
[Result "0-1"]
[WhiteElo "1848"]
[BlackElo "2074"]
[WhiteTeam "Palau"]
[BlackTeam "Macau"]
[WhiteFideId "16600037"]
[BlackFideId "15400409"]
[EventDate "2014.08.02"]

1. d4 Nf6 2. c4 e6 3. Nf3 b6 4. g3 Bb7 5. Bg2 Bb4+ 6. Bd2 Be7 7. Nc3 O-O 8. O-O
d6 9. Qc2 Nbd7 10. e4 e5 11. d5 a5 12. a4 Nc5 13. Be3 Ng4 14. Bxc5 bxc5 15. h3
Nf6 16. Qd2 Nd7 17. b3 Bc8 18. Kh2 g6 19. g4 Nf6 20. g5 Nh5 21. Ne2 f6 22. h4
fxg5 23. Nxg5 Nf4 24. Rh1 Bxg5 25. hxg5 Qxg5 26. Nxf4 Rxf4 27. Kg1 Bg4 28. Kf1
Raf8 29. Ke1 Qf6 30. Ra2 h5 31. Bh3 Rxe4+ 32. Kf1 Qf3 33. Bg2 Qf4 34. Bxe4 Qxe4
35. Rh2 Qb1+ 36. Kg2 Bf3+ 37. Kh3 Qg1 0-1

[Event "Olimpiade 2014 - Open"]
[Site "Tromsø"]
[Date "11.08.2014"]
[Round "9.78"]
[Board "3"]
[White "Fesalbon, Rolando"]
[Black "Garcia, Bernardo"]
[Result "1-0"]
[BlackTitle "CM"]
[WhiteElo "2051"]
[BlackElo "1769"]
[WhiteTeam "Macau"]
[BlackTeam "Palau"]
[WhiteFideId "15400131"]
[BlackFideId "16600096"]
[EventDate "2014.08.02"]

1. Nf3 d5 2. d4 c6 3. c4 Nf6 4. Nc3 e6 5. Bg5 Be7 6. e3 O-O 7. Bd3 a6 8. O-O b6
9. Ne5 Bb7 10. Qc2 h6 11. Bh4 Nfd7 12. Bxe7 Qxe7 13. f4 c5 14. cxd5 exd5 15. Qf2
Nc6 16. Nxd5 Qd8 17. Nxd7 Qxd7 18. Nxb6 Qe7 19. Nxa8 Rxa8 20. dxc5 Rd8 21. Rfd1
Nb4 22. Qe2 Nd5 23. Bc4 Qxc5 24. Bxd5 Bxd5 25. Rac1 Qb6 26. b3 Rd6 27. Rd4 Re6
28. Qd3 g6 29. Rxd5 Rxe3 30. Qd4 Qe6 31. Rd8+ 1-0